000 00316nam a22001337a 4500
008 170203b xxu||||| |||| 00| 0 eng d
020 _a9780721677996
041 _aeng
080 _23RD
_a61
100 _a3
101 _aSHM
245 _aETHICAL DIMENSIONS IN THE HEALTH PROFESSIONSS
_cPURTILO, R
942 _2udc
_cBK
999 _c4386
_d4386